00698cam a22002411 4500001001300000003000400013005001700017008004100034010001700075025002000092035002000112040002000132042001200152050003200164100003000196245006500226250001400291260003800305300001800343500002600361650005200387999001700439sa 65008272 DLC20260227112155.0891129s1963 io 000 0 ind  asa 65008272  aPL480:Indo-2016 a(OCoLC)20710864 aDLCcOCoLCdDLC apremarc00aLAW 1 aLubis, Mohd Arief,d1918-10aPokok² hukum perkawinan Islamc[oleh] H.M. Arief Lubis c.s. a[Tjet. 2] aDjakarta,bA. Salimc[cover 1963] a52 p.c17 cm. aIndonesian or Arabic. 0aMarriage (Islamic law)xOutlines, syllabi, etc. c65670d65670